Welcome to the Holygrace Academy Library

Please use search bar below to get started

LIFE WITHOUT LIMITS: Inspiration for A Ridiculously Good Life (Record no. 6783)

MARC details
000 -LEADER
fixed length control field 00753nam a22001577a 4500
020 ## - INTERNATIONAL STANDARD BOOK NUMBER
ISBN 978-0-307-58974-3
082 ## - DEWEY DECIMAL CLASSIFICATION NUMBER
Classification number 150
Item number VUJ/L
100 ## - MAIN ENTRY--AUTHOR NAME
Personal name VUJICIC, NICK
245 ## - TITLE STATEMENT
Title LIFE WITHOUT LIMITS: Inspiration for A Ridiculously Good Life
246 ## - VARYING FORM OF TITLE
Title proper/short title LIFE WITHOUT LIMITS: Inspiration for A Ridiculously Good Life
Remainder of title LIFE WITHOUT LIMITS: Inspiration for A Ridiculously Good Life
260 ## - PUBLICATION, DISTRIBUTION, ETC. (IMPRINT)
Place of publication NEW YORK
Name of publisher CROWN PUBLISHING GROUP
Year of publication 2012
300 ## - PHYSICAL DESCRIPTION
Number of Pages 278
520 ## - SUMMARY, ETC.
Summary, etc Life Without Limits is an inspiring book by an extraordinary man. Born without arms or legs, Nick Vujicic overcame his disability to live not just independently but a rich, fulfilling life, becoming a model for anyone seeking true happiness.
650 ## - SUBJECT ADDED ENTRY--TOPICAL TERM
Topical Term MOTIVATIONAL STORY
942 ## - ADDED ENTRY ELEMENTS (KOHA)
Koha item type Books
Holdings
Withdrawn status Lost status Collection code Home library Current library Shelving location Date acquired Source of acquisition Cost, normal purchase price Full call number Accession Number Koha item type
    Non-fiction Main Library Main Library NEW SHELF WITH NEW ENTRY 27/09/2023 Purchase 599.00 150 VUJ/L 12933 Books